Sketches of rulers of India (Record no. 351076)
[ view plain ]
| 000 -LEADER | |
|---|---|
| fixed length control field | 00468cam a22001337a 4500 |
| 008 - FIXED-LENGTH DATA ELEMENTS--GENERAL INFORMATION | |
| fixed length control field | 180718b xxu||||| |||| 00| 0 eng d |
| 082 ## - DEWEY DECIMAL CLASSIFICATION NUMBER | |
| Classification number | A6x5406 Os3s |
| 100 ## - MAIN ENTRY--PERSONAL NAME | |
| Personal name | Oswell, G.D. |
| 245 ## - TITLE STATEMENT | |
| Title | Sketches of rulers of India |
| Statement of responsibility, etc. | by G.D. Oswell |
| 260 ## - PUBLICATION, DISTRIBUTION, ETC. | |
| Place of publication, distribution, etc. | Delhi |
| Name of publisher, distributor, etc. | Researchc Pub. |
| Date of publication, distribution, etc. | |
| 300 ## - PHYSICAL DESCRIPTION | |
| Extent | 3v. |
| 500 ## - GENERAL NOTE | |
| General note | V.1: The Mutinyera and after. 171p. Rs.22.00; V.2: the Company governors. 215p. Rs.22.00; V.3: The Governors and Dupliex. 228p. Rs.22.00 |
| 650 ## - SUBJECT ADDED ENTRY--TOPICAL TERM | |
| Topical term or geographic name entry element | India - History |
| Withdrawn status | Lost status | Damaged status | Not for loan | Permanent Location | Current Location | Date acquired | Full call number | Barcode | Date last seen | Price effective from | Koha item type |
|---|---|---|---|---|---|---|---|---|---|---|---|
| Indian Institute of Public Administration | Indian Institute of Public Administration | 1993-11-10 | A6x5406 Os3s | 47547 | 2018-07-21 | 2018-07-21 | Book | ||||
| Indian Institute of Public Administration | Indian Institute of Public Administration | 1993-11-10 | A6x5406 Os3s | 47546 | 2018-07-21 | 2018-07-21 | Book | ||||
| Indian Institute of Public Administration | Indian Institute of Public Administration | 1993-11-10 | A6x5406 Os3s | 47545 | 2018-07-21 | 2018-07-21 | Book | ||||
| Indian Institute of Public Administration | Indian Institute of Public Administration | 2010-04-01 | A6x54 Os3/3 | 12685 | 2018-07-21 | 2018-07-21 | Book | ||||
| Indian Institute of Public Administration | Indian Institute of Public Administration | 2009-03-17 | A6x54 Os3/4 | 11111 | 2018-07-21 | 2018-07-21 | Book |
